000 00285pam a2200133 a 4500
020 _c
041 _h
082 _a778
_bHOL
245 _aAtlanta
_bAtlanta
_hTextual Documents
250 _a1986.
260 _a[s.l]:
_bCities in colour Inc.
300 _a64:
_bpaper.
930 _a2458
999 _c236248
_d236248